Statistics for Highest Charting Rap Songs in 2023

Click here to take the quiz!

General Stats

  • This quiz has been taken 44 times
  • The average score is 11 of 21

Answer Stats

SongArtists% Correct
#3CreepinMetro Boomin, The Weeknd, 21 Savage
76%
#5FE!NTravis Scott, Playboi Carti
76%
#1Paint the Town RedDoja Cat
76%
#1First Person ShooterDrake, J. Cole
68%
#2IDGAFDrake, Yeat
66%
#4FukumeanGunna
63%
#3MELTDOWNTravis Scott, Drake
63%
#7Barbie WorldNicki Minaj, Ice Spice, Aqua
58%
#2All My LifeLil Durk, J. Cole
55%
#1Slime You OutDrake, SZA
55%
#1Lovin on MeJack Harlow
53%
#5Rich FlexDrake, 21 Savage
53%
#10Just Wanna RockLil Uzi Vert
50%
#7K-POPTravis Scott, Bad Bunny, The Weeknd
50%
#9PlayersCoi Leray
39%
#4Princess DianaIce Spice, Nicki Minaj
37%
#2Search & RescueDrake
32%
#3Virginia BeachDrake
26%
#8DaylightDrake
21%
#5Calling For YouDrake, 21 Savage
18%
#10Fear of HeightsDrake
13%

Score Distribution

Percentile by Number Answered

Percent of People with Each Score

Your Score History

You have not taken this quiz